000 00250nam a2200109Ia 4500
008 230320s9999||||xx |||||||||||||| ||spa||
082 _a200.9/Z81
100 _aZirker, Hans
245 0 _aCrítica De La Religión
260 _bHerder
942 _80
_cLIB
999 _c23618
_d23618